LEADER 01814nam--2200505---450- 001 990001016200203316 005 20091006120623.0 010 $a88-14-09433-0 035 $a0101620 035 $aUSA010101620 035 $a(ALEPH)000101620USA01 035 $a0101620 100 $a20020305d2001----km-y0itay50------ba 101 0 $aita 102 $aIT 105 $ay-||z|||001yy 200 1 $aRepertorio della Carta dei diritti fondamentali dell'Unione europea$eannotato con i lavori preparatori e la giurisprudenza delle Alte Corti europee e della Corte costituzionale italiana$fsotto la direzione di Massimo Panebianco 210 $aMilano$cGiuffrè$d2001 215 $aXXXII, 554 p.$d25 cm 606 0 $aCarta dei diritti e doveri economici degli Stati 606 0 $aCooperazione economica internazionale 606 0 $aDiritti dell'uomo$xDiritto comunitario$yRepertori 676 $a341.2422 676 $a341.481 702 1$aPANEBIANCO,$bMassimo 801 0$aIT$bsalbc$gISBD 912 $a990001016200203316 951 $aIG VIII 12 IT 557 (N0N DISPONIBILE)$b32656 G.$cIG VIII$d00080891 951 $aSANT.9$b502 DDPG$cSANT. 951 $aST D$b500 DDPG$cST D 951 $aST D$b501 DDPG$cST D 959 $aBK 969 $aGIU 969 $aDDPG 979 $aANGELA$b90$c20020305$lUSA01$h1522 979 $aANGELA$b90$c20020305$lUSA01$h1534 979 $c20020403$lUSA01$h1742 979 $aCHIARA$b90$c20030207$lUSA01$h1026 979 $aPAOLA$b90$c20040308$lUSA01$h1105 979 $aPATRY$b90$c20040406$lUSA01$h1710 979 $aDDPG1$b90$c20070131$lUSA01$h1530 979 $aDDPG1$b90$c20070206$lUSA01$h1543 979 $aRSIAV4$b90$c20091006$lUSA01$h1206 996 $aRepertorio della carta dei diritti fondamentali dell'unione europea$9515910 997 $aUNISA LEADER 02726oam 2200637I 450 001 9910457193503321 005 20200520144314.0 010 $a1-283-43519-5 010 $a9786613435194 010 $a0-203-82658-2 010 $a1-136-79514-6 024 7 $a10.4324/9780203826584 035 $a(CKB)2550000000079854 035 $a(EBL)668859 035 $a(OCoLC)773564506 035 $a(SSID)ssj0000592600 035 $a(PQKBManifestationID)12185763 035 $a(PQKBTitleCode)TC0000592600 035 $a(PQKBWorkID)10729611 035 $a(PQKB)11579359 035 $a(MiAaPQ)EBC668859 035 $a(Au-PeEL)EBL668859 035 $a(CaPaEBR)ebr10526447 035 $a(CaONFJC)MIL343519 035 $a(OCoLC)775064654 035 $a(EXLCZ)992550000000079854 100 $a20180706d2011 uy 0 101 0 $aeng 135 $aur|n|---||||| 181 $ctxt 182 $cc 183 $acr 200 10$aPolitical economy and liberalism in France $ethe contributions of Frederic Bastiat /$fRobert Leroux 210 1$aLondon :$cRoutledge,$d2011. 215 $a1 online resource (209 p.) 225 1 $aRoutledge studies in the history of economics ;$v126 300 $aDescription based upon print version of record. 311 $a1-138-24133-4 311 $a0-415-58055-2 320 $aIncludes bibliographical references and indexes. 327 $aThe context of a life's work -- Bastiat through his correspondence -- Bastiat and England -- Salvation through science -- History and progress -- Issues and debates -- Freedom and its foes -- Social and economic harmonies. 330 $aThe purpose of this book is to provide a comprehensive analysis of the work of Fre?de?ric Bastiat (1801-1850), one of the towering intellectual figures of nineteenth century France. More than anyone else of his time, Bastiat personified the struggle of liberalism and science against socialism and utopia. Between 1844 in 1850, his campaign for the idea of liberty and his commitment to the discipline of political economy made him one of the most vigorous champions of economic liberalism in France. Bastiat put forth one of the most ambitious interpretations of the liberalism of his time, 410 0$aRoutledge studies in the history of economics ;$v126. 606 $aEconomics$zFrance$xHistory$y19th century 608 $aElectronic books. 615 0$aEconomics$xHistory 676 $a330.15/3092 676 $aB 700 $aLeroux$b Robert$f1964-,$033940 801 0$bMiAaPQ 801 1$bMiAaPQ 801 2$bMiAaPQ 906 $aBOOK 912 $a9910457193503321 996 $aPolitical economy and liberalism in France$92008771 997 $aUNINA LEADER 04927nam 22007095 450 001 996465391303316 005 20200704113349.0 010 $a3-540-46310-0 024 7 $a10.1007/3-540-53832-1 035 $a(CKB)1000000000233623 035 $a(SSID)ssj0000323623 035 $a(PQKBManifestationID)11234360 035 $a(PQKBTitleCode)TC0000323623 035 $a(PQKBWorkID)10299832 035 $a(PQKB)10727484 035 $a(DE-He213)978-3-540-46310-8 035 $a(PPN)155189964 035 $a(EXLCZ)991000000000233623 100 $a20121227d1991 u| 0 101 0 $aeng 135 $aurnn|008mamaa 181 $ctxt 182 $cc 183 $acr 200 10$aGraph-Theoretic Concepts in Computer Science$b[electronic resource] $e16th International Workshop WG '90, Berlin, Germany, June 20-22, 1990 /$fedited by Rolf H. Möhring 205 $a1st ed. 1991. 210 1$aBerlin, Heidelberg :$cSpringer Berlin Heidelberg :$cImprint: Springer,$d1991. 215 $a1 online resource (XIII, 367 p.) 225 1 $aLecture Notes in Computer Science,$x0302-9743 ;$v484 300 $aBibliographic Level Mode of Issuance: Monograph 311 $a3-540-53832-1 327 $aOptimal parallel algorithms for sparse graphs -- Finding minimally weighted subgraphs -- On the complexity of some coloring games -- A generalized best-first search method in graphs -- Avoiding matrix multiplication -- Induced subraph isomorphism for cographs is NP-complete -- On feedback problems in planar digraphs -- Recognizing binary hamming graphs in O(n 2 log n) time -- Vertex-disjoint trees and boundary single-layer routing -- Bounds on the quality of approximate solutions to the group Steiner problem -- Two polynomial problems in PLA folding -- The VLSI layout problem in various embedding models -- Approximating the minimum net expansion: Near optimal solutions to circuit partitioning problems -- Deterministic message routing in faulty hypercubes -- On complexity of a message-routing strategy for multicomputer systems -- Embeddings of treelike graphs into 2-dimensional meshes -- Diagnosis of t/s-diagnosable systems -- Deciding 1-solvability of distributed task is NP-hard -- Remarks on some concurrency measures -- On the rectilinear art gallery problem algorithmic aspects -- Separation problems and circular arc systems -- Genus of orders and lattices -- Comparing the expressibility of two languages formed using NP-complete graph operators -- Decomposition of linear recursive logic programs -- On the transition graphs of automata and grammars -- Algebraic approach to graph transformation based on single pushout derivations. 330 $aThis volume gives the proceedings of WG '90, the 16th in a series of workshops. The aim of the workshop series is to contribute to integration in computer science by applying graph-theoretic concepts. The workshops are unusual in that they combine theoretical aspects with practice and applications. The volume is organized into sections on: - Graph algorithms and complexity, - VLSI layout, - Multiprocessor systems and concurrency, - Computational geometry, - Graphs, languages and databases, - Graph grammars. The volume contains revised versions of nearly all the papers presented at the workshop. Several papers take the form of preliminary reports on ongoing research. 410 0$aLecture Notes in Computer Science,$x0302-9743 ;$v484 606 $aComputers 606 $aAlgorithms 606 $aCombinatorics 606 $aData structures (Computer science) 606 $aLogic design 606 $aTheory of Computation$3https://scigraph.springernature.com/ontologies/product-market-codes/I16005 606 $aAlgorithm Analysis and Problem Complexity$3https://scigraph.springernature.com/ontologies/product-market-codes/I16021 606 $aCombinatorics$3https://scigraph.springernature.com/ontologies/product-market-codes/M29010 606 $aComputation by Abstract Devices$3https://scigraph.springernature.com/ontologies/product-market-codes/I16013 606 $aData Structures$3https://scigraph.springernature.com/ontologies/product-market-codes/I15017 606 $aLogic Design$3https://scigraph.springernature.com/ontologies/product-market-codes/I12050 615 0$aComputers. 615 0$aAlgorithms. 615 0$aCombinatorics. 615 0$aData structures (Computer science). 615 0$aLogic design. 615 14$aTheory of Computation. 615 24$aAlgorithm Analysis and Problem Complexity. 615 24$aCombinatorics. 615 24$aComputation by Abstract Devices. 615 24$aData Structures. 615 24$aLogic Design. 676 $a004.0151 702 $aMöhring$b Rolf H$4edt$4http://id.loc.gov/vocabulary/relators/edt 906 $aBOOK 912 $a996465391303316 996 $aGraph-Theoretic Concepts in Computer Science$9772292 997 $aUNISA